Berbegira (Record no. 66464)

MARC details
000 -LEADER
campo de control de longitud fija 01286nam a2200301 i 4500
001 - NÚMERO DE CONTROL
campo de control 66464
003 - IDENTIFICADOR DE NÚMERO DE CONTROL
campo de control ES-MaACL
005 - FECHA Y HORA DE LA ÚLTIMA TRANSACCIÓN
campo de control 20230906165644.0
007 - CAMPO FIJO DE DESCRIPCIÓN FÍSICA--INFORMACIÓN GENERAL
campo de control de longitud fija t|
008 - DATOS DE LONGITUD FIJA--INFORMACIÓN GENERAL
campo de control de longitud fija 000705s2000 sp ||||0| baq d
020 ## - NÚMERO INTERNACIONAL ESTÁNDAR DEL LIBRO
Número Internacional Estándar del Libro 84-7821-413-5
040 ## - FUENTE DE CATALOGACIÓN
Centro catalogador/agencia de origen M-BN
Lengua de catalogación spa
Centro/agencia transcriptor M-BN
080 ## - NÚMERO DE LA CLASIFICACIÓN DECIMAL UNIVERSAL
Número de la Clasificación Decimal Universal 7.036(064.3)
110 2# - ENTRADA PRINCIPAL--NOMBRE DE ENTIDAD CORPORATIVA
Nombre de entidad corporativa o nombre de jurisdicción como elemento de entrada Museo de Bellas Artes de Álava.
9 (RLIN) 5842
245 10 - MENCIÓN DEL TÍTULO
Título Berbegira
Resto del título : 80'ko belaunaldia Araba Arte Eder Museoan = Remirada : la década de los 80 en el Museo de Bellas Artes de Alava /
Mención de responsabilidad, etc. [coordinación, Mª Francisca Machín...et al. ; textos, Pedro de Sancristóval...et al.].
260 ## - PUBLICACIÓN, DISTRIBUCIÓN, ETC.
Lugar de publicación, distribución, etc. [Vitoria-Gasteiz] :
Nombre del editor, distribuidor, etc. Diputación Foral de Alava,
Fecha de publicación, distribución, etc. [2000]
300 ## - DESCRIPCIÓN FÍSICA
Extensión 285 p :
Otras características físicas il. col ;
Dimensiones 29 cm.
500 ## - NOTA GENERAL
Nota general Exposición: Arco 2000, IFEMA Feria de Madrid, del 9 al 15 de febrero de 2000; Sala Amárica, Vitoria-Gasteiz, del 7 de marzo al 23 de abril de 2000.
500 ## - NOTA GENERAL
Nota general Texto paralelo en euskera y castellano, y traducción al inglés y al francés.
650 #4 - PUNTO DE ACCESO ADICIONAL DE MATERIA--TÉRMINO DE MATERIA
Término de materia o nombre geográfico como elemento de entrada Arte-
Subdivisión cronológica S.XX-
Subdivisión de forma Exposiciones.
9 (RLIN) 10140
655 #7 - TERMINO DE INDIZACIÓN--GENERO/FORMA
Fuente del término tgfbne
9 (RLIN) 193628
Datos o término principal de género/forma Catálogos de exposiciones
710 1# - ENTRADA AGREGADA--NOMBRE DE ENTIDAD CORPORATIVA
Nombre de entidad corporativa o nombre de jurisdicción como elemento de entrada Álava.
Unidad subordinada Consejo de Cultura.
9 (RLIN) 1309
740 0# - ENTRADA AGREGADA--TÍTULO RELACIONADO/ANALÍTICO NO CONTROLADO
Título relacionado o analítico no controlado Remirada.
852 ## - LOCALIZACIÓN
Ubicación ES-MaACL
Número de control de estantería L-26966
Sublocalización o colección R.132345
942 ## - ELEMENTOS DE ENTRADA SECUNDARIOS (KOHA)
Fuente del sistema de clasificación o colocación Clasificación decimal universal
Holdings
Estatus retirado Estado de pérdida Estado de daño No para préstamo Biblioteca de origen Biblioteca actual Ubicación en estantería Fecha de adquisición Fuente de adquisición Total de préstamos Signatura topográfica completa Código de barras Visto por última vez Precio de reemplazo Tipo de ítem Koha
        Biblioteca del Ateneo de Madrid Biblioteca del Ateneo de Madrid Depósito 2 17/01/2008     L-26966 1069626 23/02/2023 23/02/2023 Libro impreso